00000000nam##2200000za#4500
0019.616342
003CaOODSP
00520211126112847
007ta
008150406|2003||||xxc|||||     f|0| 0 eng|d
022 |a1192-5434
040 |aCaOODSP|beng
043 |an-cn---
0861 |aFB3-2/103-6E
1102 |aBank of Canada.
24510|aValuation of Canadian- vs. U.S.-listed equity : |bis there a discount? / |cby Michael R. King and Dan Segal.
260 |bBank of Canada |c2003.
300 |av, 28p. : |btables ; |c28 cm.
4901 |aWorking paper|x1192-5434|v2003-6
504 |aBibliography.
546 |aRésumés en français.
563 |aSoftcover
590 |a03-17|b2003-04-25
69007|aStock markets|2gcpds
7201 |aKing, Michael
7201 |aSegal, Dan
7760#|tValuation of Canadian- vs. U.S.-listed equity : |w(CaOODSP)9.580557
830#0|aWorking paper,|x1192-5434|v2003-6|w(CaOODSP)9.514622